| 000 | 00569nam a2200169 a 4500 | ||
|---|---|---|---|
| 001 | 000034999 | ||
| 005 | 20200930074034.0 | ||
| 008 | 111024s1969 cu 000 0 spa d | ||
| 040 |
_aDO-SdBNP _bspa _cBNPHU |
||
| 100 | 1 |
_aIglesia, Álvaro de la, _d1859-1940. _960609 |
|
| 245 | 1 | 0 |
_aTradiciones cubanas / _cÁlvaro de la Iglesia. |
| 260 |
_aLa Habana : _bInstituto del Libro, _c1969. |
||
| 300 |
_a355 p. ; _c18 cm. |
||
| 490 | 1 | _aEdiciones Huracán | |
| 590 | _aPerteneció a la biblioteca personal de Juan Isidro Jimenes Grullón | ||
| 830 | 0 |
_aEdiciones Huracán _960610 |
|
| 999 |
_c34490 _d34490 |
||